| 000 | 02142nam a2200553 a 4500 | ||
|---|---|---|---|
| 001 | 000006765 | ||
| 003 | DO-SdBPM | ||
| 005 | 20260129124142.0 | ||
| 007 | ta | ||
| 008 | 090902s1994 sp a 000 0 spa d | ||
| 020 | _a8427814151 (oc.) | ||
| 020 | _a8427814186 (v.1) | ||
| 020 | _a8427814194 (v.2) | ||
| 020 | _a8427814208 (v.3) | ||
| 020 | _a842781416X (v.4) | ||
| 020 | _a842781416X (v.5) | ||
| 040 |
_aDO-SdBPM _bspa _cBPMSU _erda |
||
| 082 | 4 |
_a378.7293 _bF363i 1994 _222 |
|
| 245 | 1 | 0 |
_a Enseñanza superior _bnueva enciclopedia para los estudios superiores / _c Francisco Rubio...[y otros ] |
| 260 |
_a _b _c |
||
| 264 |
_aBarcelona : _bNauta, _c1994 |
||
| 300 |
_a 5 volumenes : _bilustraciones ; _c26 cm. |
||
| 336 |
_atexto _btxt _2rdaconten |
||
| 337 |
_asin mediación _bnc _2rdamedia |
||
| 338 |
_avolumen _bnc _2rdacarrier |
||
| 490 | 0 | _aÁreas | |
| 504 | _a | ||
| 590 | _aInventariado, 2026/VM | ||
| 650 |
_aEducación superior _x Diccionarios y enciclopedias _z |
||
| 650 | 7 |
_aMatemáticas _xEstudio y enseñanza _xDiccionarios y enciclopedias. |
|
| 650 | 7 |
_aDibujo técnico _xEnseñanza _x Diccionarios y enciclopedias. |
|
| 650 | 7 |
_aFísica _xEnseñanza _xDiccionarios y enciclopedias. |
|
| 650 | 7 |
_aQuímica _xEnseñanza _xDiccionarios y enciclopedias. |
|
| 650 | 7 |
_aBiología _xEnseñanza _xDiccionarios y enciclopedias. |
|
| 650 | 7 |
_aGeología _xEnseñanza _xDiccionarios y enciclopedias. |
|
| 650 | 7 |
_aHistoria _xEnseñanza _xDiccionarios y enciclopedias. |
|
| 650 | 7 |
_aLiteratura _x Enseñanza _xDiccionarios y enciclopedias. |
|
| 650 | 7 |
_aSociología _xDiccionarios y enciclopedias _xEnseñanza |
|
| 650 | 7 |
_aEnseñanza de la administración _xDiccionarios y enciclopedias. |
|
| 650 | 7 |
_aEnseñanza del español _xDiccionarios y enciclopedias. |
|
| 650 | 7 |
_aLatín _xEnseñanza _xDiccionarios y enciclopedias. |
|
| 650 | 7 |
_aGriego _xEnsenãnza _xDiccionarios y enciclopedias. |
|
| 700 | 1 | _4Rubio, Francisco | |
| 710 | 2 | _aNauta | |
| 910 | _aVMAteo V. Control de calidad BPMSU | ||
| 942 |
_2ddc _cBK |
||
| 956 |
_a _b _c _l _h |
||
| 956 |
_a _b _c _l _h |
||
| 999 |
_c15644 _d15644 |
||